1665 1346 1748 1996 1134 1666 1057 1055 1482 1250 1741 1369 1695 1186 1215 1795 1110 1398 1717 1665 1327 1056 1405 1616 1405 1336 1070 1210 1980 1778 1611 1075 1713 1580 1868 1280 1575 1579 1448 1868 1060 1998 1909 1897 1605 1083 1246 1938 1633 1389 1761 1695 1005 1316 1468 1306 1387 1660 1512 1182 1230 1334 1425 1435 1788 1558 1493 1885 1526 1952 1384 1522 1562 1065 1739 1192 1514 1445 1797 1998 1705 1133 1808 1696 1218 1327 1906 1374 1032 1543 1688 1740 1261 1142 1066 1643 1695 1970 1795 BCNSPRNW ULIB Ver.6.0+V

เปลี่ยนเป็นภาษาไทย

Change to English
 แสดงรายละเอียดบรรณานุกรม
  กลับหน้าหลัก

Brief Record : Get Marc (ISO 2709) : E-mail record : QR code < ปิดหน้าต่าง
LEADER : 00000nam 2200000uu 4500
001    13399114382
003     ULIB
008    120327s2552||||th 000 0 tha d
020    ^a9786160600199
090    ^aนว.^bช742D 2552
100 0  ^aเชิงอรรถ
245 00 ^aThe Dragon Garrett ผู้พิทักษ์มังกร/^cเชิงอรรถ
250    ^aพิมพ์ครั้งที่ 2
260    ^aกรุงเทพฯ :^bแจ่มใส,^c2552
300    ^a377 หน้า
710 1  ^aแจ่มใส
945    ^p239^l0^i16421
995    ^aกัณชพร
999    ^aใช้งานได้ทุกระบบ
รายการนี้ยังไม่มีแท็ก
คุณยังไม่ได้ล็อกอิน คุณสามารถมีกิจกรรมร่วมกับเว็บไซต์ได้ แต่ต้องล็อกอินก่อน ::
  ล็อกอิน

รายการสื่อสารสนเทศ

ลำดับที่ ประเภท เลขเรียก/บาร์โค้ด สถานที่ สถานะ
1. นวนิยาย
นวนิยาย
นว. ช742D 2552  
  Barcode: 16421
ห้องสมุดวิทยาเขตสวรรค์ประชารักษ์
►นวนิยาย
บนชั้น
  ขอยืม

รายการใกล้เคียง
    ผู้แต่ง [เชิงอรรถ]

BibComment


ยังไม่เคยถูกคอมเมนท์

คอมเมนท์ทรัพยากรรายการนี้
  คอมเมนท์: The Dragon Garre..


 Copyright 2026. Bcnsprnw @Library